Calciatore asiatico dell'anno IFFHS - Statistics

Statistiche generali
  • Questo quiz è stato fatto 3 volte
  • Il punteggio medio è 4 su 8
Statistiche sulle risposte
Edizione Nazione Squadra Calciatore % Corretto
2020 Corea del Sud Tottenham Son Heung-min
100%
2021 Corea del Sud Tottenham Son Heung-min
100%
2022 Corea del Sud Tottenham Son Heung-min
100%
1989 Corea del Sud Daewoo Royals Kim Joo-sung
33%
1990 Corea del Sud Daewoo Royals Kim Joo-sung
33%
1991 Corea del Sud Daewoo Royals Kim Joo-sung
33%
1988 Iraq Al-Rasheed Ahmed Radhi
0%
1992 Giappone Verdy Kawasaki Kazuyoshi Miura
0%
Nessun quiz corrispondente trovato
Distribuzione punteggi
Percentuale di utenti per punteggio
Percentile per numero di risposta
I tuoi punteggi nel tempo
Non hai fatto questo quiz